UM Logo

Antas ng Pagbasa na may Pang-unawa sa Parabula ng mga Mag-aaral sa Ikasampung Taon sa Sekondarya ng Barangay Banate Malungon, Sarangani Province Taon 2016-2017/ (Record no. 7198)

MARC details
000 -LEADER
fixed length control field 00677nam a22001577a 4500
008 - FIXED-LENGTH DATA ELEMENTS--GENERAL INFORMATION
fixed length control field 170809b xxu||||| |||| 00| 0 eng d
082 ## - DEWEY DECIMAL CLASSIFICATION NUMBER
Edition number 2016
Classification number UT 0814
Item number F39
100 ## - MAIN ENTRY--PERSONAL NAME
9 (RLIN) 21787
Personal name Fernandez, Joyce Marie A.
245 ## - TITLE STATEMENT
Title Antas ng Pagbasa na may Pang-unawa sa Parabula ng mga Mag-aaral sa Ikasampung Taon sa Sekondarya ng Barangay Banate Malungon, Sarangani Province Taon 2016-2017/
Statement of responsibility, etc. Joyce Marie A. Fernandez, Anarez D. Ong, Arvi C. Tompong.
260 ## - PUBLICATION, DISTRIBUTION, ETC. (IMPRINT)
Place of publication, distribution, etc. Digos City:
Name of publisher, distributor, etc. UMDC
Date of publication, distribution, etc. October 2016.
300 ## - PHYSICAL DESCRIPTION
Extent 46 pages;
Dimensions 29 cm.
650 #0 - SUBJECT ADDED ENTRY--TOPICAL TERM
9 (RLIN) 21788
Topical term or geographic name as entry element Education
Form subdivision Filipino
General subdivision Undergraduate thesis.
700 ## - ADDED ENTRY--PERSONAL NAME
9 (RLIN) 21789
Personal name Ong, Anarez D.
700 ## - ADDED ENTRY--PERSONAL NAME
9 (RLIN) 21790
Personal name Tompong, Arvi C.
942 ## - ADDED ENTRY ELEMENTS (KOHA)
Source of classification or shelving scheme Dewey Decimal Classification
Koha item type Undergraduate Thesis
Holdings
Withdrawn status Lost status Source of classification or shelving scheme Damaged status Not for loan Home library Current library Date acquired Total Checkouts Full call number Barcode Date last seen Price effective from Koha item type
    Dewey Decimal Classification     UM Digos College - LIC UM Digos College - LIC 04/24/2017   UT 0814 F39 UT0814 08/09/2017 08/09/2017 Undergraduate Thesis